000 00536nam a2200229Ia 4500
003 OSt
005 20250224102920.0
008 210210b1807 xxu||||| |||| 00| 0 eng d
040 _cAL
041 _aeng
082 _a823/383
100 _aSHAKESPEARE (William)
_9202137
245 _aDramatic works part 1
260 _aLondon
_b-
_c1807
650 _aworks
_9202138
650 _apart
_9202139
650 _aDramatic
_9202140
650 _a1
_9202141
690 _aEnglish Drama
_9202142
906 _a013927
942 _2ddc
_cBK
999 _c132997
_d132997